Pequeña historia de la Academia del Faro de San Cristóbal : un aspecto de la cultura catalana / por Juan Alsamora un aspecto de la cultura catalana / por Juan Alsamora

por Alsamora, Juan

Publicado: San Jorge, núm. 73 (1r trimestre 1969), pàg 48 - 55 :

MARC

LEADER 00000nam a2200000Ia 4500
003 BGR
005 20260324175747.0
008 160829s9999 xx 000 0 cat d
100 |a Alsamora, Juan  |9 40269 
245 |a Pequeña historia de la Academia del Faro de San Cristóbal :  |b  un aspecto de la cultura catalana / por Juan Alsamora 
260 |a San Jorge, núm. 73 (1r trimestre 1969), pàg 48 - 55 
590 |a Conté 8 fotografies 
610 2 0 |9 70080  |a Academia del Faro de San Cristobal  |x Història 
901 |a Arxiu 
942 |n 1  |2 udc  |c MON 
952 |0 0  |1 0  |4 0  |7 1  |9 49539  |a Arxiu  |b Arxiu  |d 2016-12-01  |l 0  |r 2016-12-01 00:00:00  |w 2016-12-01  |y ARXIU 
999 |c 53381  |d 53381